Solving control engineering problems with MATLAB
Spremljeno u:
| Glavni autor: | |
|---|---|
| Format: | Knjiga |
| Jezik: | Undetermined |
| Izdano: |
Englewood Cliffs
Prentice-Hall
1994
|
| Teme: | |
| Oznake: |
Dodaj oznaku
Bez oznaka, Budi prvi tko označuje ovaj zapis!
|
| Thư viện lưu trữ: | Trung tâm Học liệu Trường Đại học Cần Thơ |
|---|
| LEADER | 00544nam a2200193Ia 4500 | ||
|---|---|---|---|
| 001 | CTU_127350 | ||
| 008 | 210402s9999 xx 000 0 und d | ||
| 082 | |a 629.80285 | ||
| 082 | |b O.34 | ||
| 100 | |a Ogata, Katsuhiko | ||
| 245 | 0 | |a Solving control engineering problems with MATLAB | |
| 245 | 0 | |c Katsuhiko Ogata | |
| 260 | |a Englewood Cliffs | ||
| 260 | |b Prentice-Hall | ||
| 260 | |c 1994 | ||
| 650 | |a Automatic control,MATLAB | ||
| 650 | |x Data processing | ||
| 904 | |i Nguyên | ||
| 980 | |a Trung tâm Học liệu Trường Đại học Cần Thơ | ||